Война в царстве животных: очерк с 25 картинками в тексте и 2 картинками в красках

Detalhes bibliográficos
Autor principal: Усов М. А. Михаил Антонович
Resumo:На обл. авт. не указан
Текст в русской дореформенной орфографии
Idioma:russo
Publicado em: Петроград, П. П. Сойкин, 1916
coleção:Знание для всех № 1
Assuntos:
Formato: Livro
KOHA link:https://koha.lib.tpu.ru/cgi-bin/koha/opac-detail.pl?biblionumber=349758

MARC

LEADER 00000nam0a2200000 4500
001 349758
005 20231102010232.0
035 |a (RuTPU)RU\TPU\retro\2684 
090 |a 349758 
100 |a 20180830d1916 km y0rusy50 ca 
101 0 |a rus 
102 |a RU 
105 |a a z 000zy 
200 1 |a Война в царстве животных  |e очерк с 25 картинками в тексте и 2 картинками в красках  |f М. А. Усов 
210 |a Петроград  |c П. П. Сойкин  |d 1916 
215 |a 32 с.  |c ил. 
225 1 |a Знание для всех  |e общедоступный журнал для самообразования с картинами в красках и иллюстрациями в тексте  |v № 1 
300 |a На обл. авт. не указан 
300 |a Текст в русской дореформенной орфографии 
316 |5 63413507: КР-5705  |a На титульном листе дарственная надпись: "Другу Инокентию Николаевичу Бутакову на память о лекции в март 1915 г." М. Усов 
317 |5 63413507: КР-5705  |a Поступил в НТБ в 1970 г. в составе книжного собрания профессора ТПИ И. Н. Бутакова 
512 1 |a Война в истории развития животных 
606 1 |a Эволюция  |2 stltpush  |3 (RuTPU)RU\TPU\subj\26489  |9 50404 
610 1 |a библиотека И. Н. Бутакова 
610 1 |a вымершие животные 
610 1 |a геологическое летоисчисление 
610 1 |a палеонтология 
610 1 |a морские животные 
610 1 |a силурийские головоногие 
610 1 |a наземные животные 
610 1 |a мезозой 
610 1 |a человек 
610 1 |a дарственная надпись 
610 1 |a дары 
675 |a 575.8  |v 4 
700 1 |a Усов  |b М. А.  |c российский геолог  |c профессор Томского технологического института  |f 1883-1939  |g Михаил Антонович  |2 stltpush  |3 (RuTPU)RU\TPU\pers\1941 
801 1 |a RU  |b 63413507  |c 20180830 
801 2 |a RU  |b 63413507  |c 20181228  |g RCR 
942 |c BK